| 000 | 00487nam a2200181Ia 4500 | ||
|---|---|---|---|
| 003 | LDD | ||
| 008 | 181101s9999 xx 000 0 und d | ||
| 020 | _c220.00 | ||
| 040 | _cLDD | ||
| 100 | _aYousufi, Mushtaq Ahmad | ||
| 245 | 0 |
_aAab-e-gum _cMushtaq Ahmad Yousufi |
|
| 260 |
_aHaidrabad _bHusami, Book Dipo _c1990 |
||
| 300 | _a404p. | ||
| 901 |
_a15920 _b17-03-2017 |
||
| 902 |
_a2840 _b17-03-2017 _cF _dPIBD _e8U |
||
| 903 |
_a20 _bReqst by : Mohd. Akbar |
||
| 942 |
_2ddc _cUR |
||
| 999 |
_c91 _d91 |
||